|
|
|
|
| LEADER |
00679cam a2200217 a 4500 |
| 001 |
0000080486 |
| 005 |
20060621090000.0 |
| 040 |
|
|
|a mod
|
| 041 |
|
|
|a eng
|
| 020 |
0 |
0 |
|a 0786715510
|
| 090 |
0 |
0 |
|a 327.73
|b WIL
|e 2004
|
| 100 |
1 |
0 |
|a Wilson
|h Joseph
|
| 245 |
1 |
4 |
|a The politics of truth
|c Ambassador Joseph Wilson
|
| 260 |
0 |
0 |
|a New York
|b Carroll & Graf Publishers
|c 2004
|
| 300 |
0 |
0 |
|a lxix, 517 p.
|b ill. maps.
|c 21 cm
|
| 500 |
0 |
0 |
|a Includes index
|
| 650 |
0 |
0 |
|a Political ethics
|x United States
|
| 650 |
0 |
0 |
|a World politics
|
| 651 |
0 |
0 |
|a Iraq War, 2003
|x Moral and ethical aspects
|z United States
|
| 852 |
0 |
0 |
|a 01
|
| 999 |
|
|
|a 0243489
|b KEMENTAH
|d BOOKS
|e Umum
|f Perpustakaan KEMENTAH
|j AVAILABLE
|q GOOD CONDITION
|